Liam Payne - Stack It Up (All Lyrics) - Statistics

General Stats
  • This quiz has been taken 12 times
    10 since last reset
  • The average score is 316 of 463
Answer Stats
Answer % Correct
a
100%
and
100%
And
100%
broke
100%
D-I-E
100%
I
100%
stack
100%
when
100%
you
100%
ain't
80%
Ain't
80%
be
80%
by
80%
my
80%
doin'
80%
doing
80%
dreams
80%
enough
80%
for
80%
get
80%
gonna
80%
got
80%
gotta
80%
(Gotta
80%
in
80%
in)
80%
it
80%
it)
80%
livin'
80%
man
80%
me
80%
mind
80%
money
80%
my
80%
no
80%
nobody
80%
on
80%
satisfy
80%
So
80%
that
80%
(That
80%
time
80%
to
80%
(To
80%
up
80%
VIP
80%
wanna
80%
Wanna
80%
work
80%
ya
80%
Yeah
80%
(Yeah
80%
yeah)
80%
(Yeah)
80%
But
60%
'Cause
60%
club
60%
don't
60%
flex
60%
ID
60%
I'd
60%
if
60%
like
60%
nice
60%
see
60%
shoes
60%
the
60%
The
60%
they
60%
T-I-E
60%
wear
60%
been
40%
better
40%
B-I-G
40%
can't
40%
car
40%
D-O-E
40%
gettin'
40%
guy
40%
hard
40%
have
40%
I've
40%
MOT
40%
need
40%
now
40%
Now
40%
right
40%
they're
40%
Tryna
40%
Want
40%
was
40%
Wasn't
40%
workin'
40%
always
20%
bought
20%
brokest
20%
buy
20%
called
20%
Capri
20%
caught
20%
Celine
20%
cents
20%
come
20%
comin'
20%
couple
20%
creepin'
20%
fiend
20%
fifty
20%
first
20%
free
20%
friend
20%
Girls
20%
give
20%
had
20%
her
20%
him
20%
I-I
20%
I-I-I-I-I-I
20%
just
20%
know
20%
Lamborghini
20%
Laurent
20%
lost
20%
loudest
20%
Louis
20%
luggages
20%
ones
20%
purse
20%
(Purse
20%
put
20%
reminisce
20%
reminisce)
20%
Saint
20%
saw
20%
She
20%
shit
20%
shit-talker
20%
(Skrrt
20%
struggling
20%
Suns
20%
sweet
20%
think
20%
T-I-P
20%
Took
20%
Tried
20%
(Uh)
20%
Urus
20%
valet
20%
weren't
20%
worst
20%
woulda
20%
No matching quizzes found
Score Distribution
Percent of People with Each Score
Percentile by Number Answered
Your Score History
You have not taken this quiz since the last reset